000 00686nam a2200217 a 4500
005 20220920063631.0
008 140519s2001 mx r 000 0 spa d
020 _a8484230937
035 _aUPN01000197271
049 _aI
050 4 _aPZ34
_bR8.6
100 1 _aRuck-Pauquèt, Gina,
_d1931-
_935532
245 1 3 _aEl pequeño rey /
_cGina Ruck-Pauquèt ; il. Hartmut Bieber ; tr. Rita Schnitzer.
260 _aBarcelona, [Esp.] :
_bElfos,
_c2001.
300 _a[33] p. :
_bil. col.
534 _pTítulo original:
_tDer kleine kônig
650 0 _aLiteratura infantil alemana
_99171
650 7 _aLibros ilustrados para niños
_2
_921365
905 _aInfantil
999 _c169372
_d169372